|
|
|
|
| LEADER |
00000naa2a2200000 4500 |
| 001 |
243856 |
| 005 |
20260225171602.0 |
| 035 |
|
|
|a (RuTPU)RU\TPU\book\265210
|
| 035 |
|
|
|a RU\TPU\book\265145
|
| 090 |
|
|
|a 243856
|
| 100 |
|
|
|a 20131008d2013 k y0rusy50 ba
|
| 101 |
0 |
|
|a eng
|
| 102 |
|
|
|a RU
|
| 135 |
|
|
|a drnn ---uucaa
|
| 200 |
1 |
|
|a The development of automatic control device for track-rail lubrication
|f P. A. Rybalko, N. S. Chursin
|g sci. adv. Y. A. Chursin
|
| 203 |
|
|
|a Text
|c electronic
|
| 225 |
1 |
|
|a Informatics and control in engineering systems
|
| 300 |
|
|
|a Заглавие с титульного экрана
|
| 320 |
|
|
|a [Библиогр.: с. 450 (3 назв.)]
|
| 337 |
|
|
|a Adobe Reader
|
| 461 |
|
1 |
|0 (RuTPU)RU\TPU\book\263794
|t Современные техника и технологии
|o сборник трудов XIX международной научно-практической конференции студентов, аспирантов и молодых ученых, Томск, 15-19 апреля 2013 г.
|o в 3 т.
|f Национальный исследовательский Томский политехнический университет (ТПУ)
|d 2013
|
| 463 |
|
1 |
|0 (RuTPU)RU\TPU\book\263797
|t Т. 2
|v [С. 449-450]
|d 2013
|
| 610 |
1 |
|
|a труды учёных ТПУ
|
| 610 |
1 |
|
|a электронный ресурс
|
| 700 |
|
1 |
|a Rybalko
|b P. A.
|
| 701 |
|
1 |
|a Chursin
|b Yu. A.
|c specialist in the field of physical installations
|c Associate Professor of Tomsk Polytechnic University, Candidate of technical sciences
|f 1984-
|g Yuri Alexandrovich
|3 (RuTPU)RU\TPU\pers\31384
|
| 702 |
|
1 |
|a Chursin
|b Yu. A.
|c specialist in the field of physical installations
|c Associate Professor of Tomsk Polytechnic University, Candidate of technical sciences
|f 1984-
|g Yuri Alexandrovich
|3 (RuTPU)RU\TPU\pers\31384
|4 695
|
| 712 |
0 |
2 |
|a Национальный исследовательский Томский политехнический университет
|c (2009- )
|9 26305
|
| 801 |
|
2 |
|a RU
|b 63413507
|c 20220316
|g RCR
|
| 856 |
4 |
|
|u http://www.lib.tpu.ru/fulltext/c/2013/C01/V2/220.pdf
|
| 942 |
|
|
|c CF
|